000
00284nam a22001217a 4500
040
_c
HS
082
_a
634
100
_a
ខៀវ ឆដា
245
_a
ផ្សព្វផ្សាយព្រៃឈើ
260
_a
RUA
_b
ខៀវ ឆដា
_c
1997
300
_a
NA
942
_c
KB
999
_c
9284
_d
9284